[Event "FRA-chT2 0910"]
[Site "France"]
[Date "2009.10.18"]
[Round "3.6"]
[White "Foussard, Gervais"]
[Black "Varlet, Nicolas"]
[Result "0-1"]
[WhiteElo "1930"]
[BlackElo "2122"]
[PlyCount "60"]
[EventDate "2009.09.27"]
[EventType "team-tourn"]
[EventRounds "11"]
[EventCountry "FRA"]
[SourceTitle "EXT 2011"]
[Source "ChessBase"]
[SourceDate "2010.11.26"]
[SourceVersion "1"]
[SourceVersionDate "2010.11.26"]
[SourceQuality "1"]

1. e4 e6 2. d4 d5 3. exd5 exd5 4. Bd3 c5 5. c3 Nc6 6. Ne2 Bg4 7. f3 Bh5 8. 0-0 c4 9. Bc2 Bg6 10. Re1 Bxc2 11. Qxc2 Be7 12. Ng3 g6 13. Bf4 Kf8 14. Nd2 Kg7 15. Re2 h5 16. Rae1 h4 17. Nh1 Bg5 18. Re8 Bxf4 19. Rxd8 Rxd8 20. Nf2 Nf6 21. b3 Rde8 22. Rxe8 Rxe8 23. Qd1 Re3 24. Nb1 b5 25. Nh3 Bh6 26. g3 Rd3 27. Qe2 hxg3 28. hxg3 b4 29. bxc4 dxc4 30. cxb4 Nxd4 0-1

[Event "FRA-chT2 West 0607"]
[Site "France"]
[Date "2007.03.31"]
[Round "10.8"]
[White "Fontaine, David"]
[Black "Varlet, Nicolas"]
[Result "1-0"]
[WhiteElo "1994"]
[BlackElo "2138"]
[PlyCount "63"]
[EventDate "2006.10.15"]
[EventType "team"]
[EventRounds "11"]
[EventCountry "FRA"]
[SourceTitle "EXT 2008"]
[Source "ChessBase"]
[SourceDate "2007.11.25"]
[SourceVersion "1"]
[SourceVersionDate "2007.11.25"]
[SourceQuality "1"]
[WhiteTeam "Rennes Paul Bert"]
[BlackTeam "Tours"]
[WhiteTeamCountry "FRA"]
[BlackTeamCountry "FRA"]

1. g3 Nf6 2. Bg2 d5 3. c4 c6 4. b3 g6 5. Bb2 Bg7 6. Nf3 0-0 7. 0-0 Qb6 8. cxd5 cxd5 9. Nc3 Nc6 10. Rc1 e5 11. Na4 Qa6 12. Nxe5 Nxe5 13. Bxe5 Re8 14. Nc5 Qa3 15. f4 b6 16. Nd3 Bf5 17. Nf2 Rac8 18. Rxc8 Rxc8 19. Qa1 Ne8 20. Bxd5 Rc2 21. Bxg7 Rxa2 22. Qd4 Nxg7 23. Qf6 Be6 24. Ne4 Ne8 25. Qe5 Qe7 26. f5 gxf5 27. Rxf5 h6 28. Rh5 Qd8 29. Bxe6 fxe6 30. Qxe6+ Kg7 31. Qxh6+ Kg8 32. Qh7+ 1-0

[Event "FRA-chT2 West 0607"]
[Site "France"]
[Date "2007.02.11"]
[Round "7.6"]
[White "Leitner, Walter"]
[Black "Varlet, Nicolas"]
[Result "0-1"]
[WhiteElo "2130"]
[BlackElo "2138"]
[PlyCount "76"]
[EventDate "2006.10.15"]
[EventType "team"]
[EventRounds "11"]
[EventCountry "FRA"]
[SourceTitle "EXT 2008"]
[Source "ChessBase"]
[SourceDate "2007.11.25"]
[SourceVersion "1"]
[SourceVersionDate "2007.11.25"]
[SourceQuality "1"]
[WhiteTeam "Gif sur Yvette"]
[BlackTeam "Tours"]
[WhiteTeamCountry "FRA"]
[BlackTeamCountry "FRA"]

1. e4 e6 2. d4 d5 3. e5 c5 4. c3 Nc6 5. Nf3 Qb6 6. a3 Nh6 7. b4 cxd4 8. cxd4 Nf5 9. Be3 f6 10. exf6 gxf6 11. Bd3 Nxe3 12. fxe3 Bd7 13. 0-0 Bh6 14. Qe2 f5 15. b5 Ne7 16. Nc3 Qa5 17. Nd1 0-0 18. Ne5 Be8 19. g4 a6 20. bxa6 bxa6 21. a4 Qb4 22. Nf2 a5 23. Kh1 Bg7 24. Nf3 Bg6 25. Nh4 e5 26. gxf5 Nxf5 27. Nxf5 Bxf5 28. Bxf5 Rxf5 29. Rg1 Qe7 30. Ng4 Kh8 31. Qc2 Raf8 32. dxe5 Qh4 33. Ra2 Rg5 34. Nf6 Bxf6 35. exf6 Rxg1+ 36. Kxg1 Qe1+ 37. Kg2 Qxe3 38. Qf2 Rg8+ 0-1

[Event "FRA-chT2O 9899"]
[Site "France"]
[Date "1999.01.??"]
[Round "5"]
[White "Pedersen, Thomas Vils"]
[Black "Varlet, Nicolas"]
[Result "1-0"]
[WhiteElo "2130"]
[BlackElo "2180"]
[PlyCount "41"]
[EventDate "1998.??.??"]
[EventType "team"]
[EventRounds "9"]
[EventCountry "FRA"]
[SourceTitle "EXT 2002"]
[Source "ChessBase"]
[SourceDate "2001.11.25"]
[SourceVersion "1"]
[SourceVersionDate "2001.11.25"]
[SourceQuality "1"]

1. d4 Nf6 2. Nf3 g6 3. c4 Bg7 4. g3 0-0 5. Bg2 d5 6. cxd5 Nxd5 7. 0-0 Nb6 8. Nc3 Nc6 9. d5 Na5 10. e4 c6 11. Bg5 cxd5 12. exd5 Bxc3 13. bxc3 Nxd5 14. Bh6 Re8 15. Ne5 Be6 16. c4 Nc3 17. Qe1 Na4 18. Nxg6 Bxc4 19. Ne5 e6 20. Nxc4 Nxc4 21. Qe4 1-0

[Event "Avoine op 09th"]
[Site "Avoine"]
[Date "1994.??.??"]
[Round "?"]
[White "Bossard, Arnaud"]
[Black "Varlet, Nicolas"]
[Result "1-0"]
[WhiteElo "1990"]
[BlackElo "2225"]
[PlyCount "66"]
[EventDate "1994.07.??"]
[EventType "swiss"]
[EventRounds "9"]
[EventCountry "FRA"]
[SourceTitle "EXT 2004"]
[Source "ChessBase"]
[SourceDate "2003.11.25"]
[SourceVersion "1"]
[SourceVersionDate "2003.11.25"]
[SourceQuality "1"]

1. e4 e6 2. d4 d5 3. Nd2 Nf6 4. e5 Nfd7 5. c3 c5 6. Bd3 Nc6 7. Ne2 Qb6 8. Nf3 cxd4 9. cxd4 f6 10. exf6 Nxf6 11. 0-0 Bd6 12. Nc3 Bd7 13. Bg5 Nxd4 14. Bxf6 gxf6 15. Nxd4 Qxd4 16. Qh5+ Ke7 17. Bb5 Bc6 18. Rfe1 Be5 19. Rad1 Qf4 20. g3 Rag8 21. Qe2 h5 22. Bxc6 bxc6 23. Qa6 h4 24. Qxa7+ Kf8 25. Qa8+ Ke7 26. Qb7+ Kd8 27. Qa8+ Kd7 28. Qb7+ Bc7 29. Ne4 hxg3 30. fxg3 Rxh2 31. Kxh2 Rxg3 32. Nc5+ Ke7 33. Rxe6+ Kf7 1-0